| 000 | 00676nam a2200133Ia 4500 | ||
|---|---|---|---|
| 008 | 171212s9999 xx 000 0 und d | ||
| 020 | _a9780833048868 | ||
| 100 | _aPopper, Steven W.;Berrebi, Claude;Griffin, James;Light, Thomas;Min, Endy Y. | ||
| 245 |
_cPopper, Steven W.;Berrebi, Claude;Griffin, James;Light, Thomas;Min, Endy Y. _aNatural Gas and Israel's Energy Future _bNear-Term Decisions from a Strategic Perspective |
||
| 260 |
_bRAND Corporation _c2009 |
||
| 650 | _aBusiness | ||
| 650 | _aGas industry -- Israel; Natural gas reserves -- Israel -- Forecasting; Energy policy -- Israel; Strategic materials -- Israel | ||
| 856 | _uwww.jstor.org/stable/10.7249/mg927ysnff | ||
| 999 |
_c352356 _d352356 |
||